[Event "Goldmoney Asian Rapid Prelims 2021"]
[Site "Chess24"]
[Date "2021.06.24"]
[Round "11.4"]
[White "Svidler, Peter"]
[Black "Gukesh D"]
[Result "1/2-1/2"]
[WhiteElo "2714"]
[BlackElo "2578"]
[Annotator "TA"]
[PlyCount "92"]
[EventDate "2021.06.26"]
[EventType "tourn"]
[EventCountry "NET"]
[Tiebreak "Koya+Number of black wins+Number of wins"]
[SourceTitle "playchess.com"]
[Source "ChessBase"]
[SourceQuality "1"]

{[%evp 20,92,16,11,20,14,16,17,21,6,8,0,2,-4,18,-2,0,-42,-34,-77,-77,-75,-79,
-82,-81,-70,-84,-91,-57,-57,-57,-64,-64,-64,-64,-64,-64,-64,-64,-66,-68,-64,
-64,-64,-21,-65,-56,-62,-49,-55,-55,-62,-60,-62,0,0,0,-62,-27,-45,-45,-45,-1,
-16,-3,-8,-8,-8,-8,-8,-8,-8,0,0,0]} 1. c4 {Nielsen,Peter Heine} e6 2. Nc3 d5 3.
d4 c5 4. cxd5 exd5 5. Nf3 Nf6 6. g3 Nc6 7. Bg2 cxd4 8. Nxd4 Bc5 9. Nxc6 bxc6
10. O-O O-O 11. Qc2 Bb6 {D33: Tarrasch Defence: 6 g3 sidelines.} 12. Na4 Bd7
13. b3 Re8 {[#]} 14. Nxb6 $146 ({Predecessor:} 14. Bb2 h5 15. h4 Ne4 16. e3 Rc8
17. Nxb6 axb6 18. Qd1 Bf5 19. Qxh5 Qd7 20. Qd1 {0-1 (59) Aronian,L (2775)
-Carlsen,M (2872) Moscow 2019 CBM 193 Extra [Nielsen,Peter Heine]}) 14... axb6
15. a4 Ne4 16. Be3 h5 17. Rad1 h4 18. Bf4 Qf6 19. Bc7 Bf5 {[#] Hoping for ...
hxg3.} 20. Bxe4 Rxe4 21. Qd2 Rae8 22. Rfe1 hxg3 23. Bxg3 Qe6 {[%cal Re4e2]} 24.
f3 Rxe2 25. Rxe2 Qxe2 26. Qxe2 Rxe2 $15 {[%mdl 4096] Endgame KRB-KRB} 27. Bf2
Bc2 28. Ra1 c5 29. a5 bxa5 {[#] ...d4 is the strong threat.} ({Don't blunder} 
29... Bxb3 $2 30. axb6 Ba2 31. Bxc5 $18) 30. Bxc5 Bxb3 {Strongly threatening ..
.a4.} 31. Rxa5 Bc4 32. Ra7 Rd2 33. Rd7 Be2 34. Be3 Rd3 35. Kf2 Bd1 36. h4 Kf8
37. Bc5+ Kg8 38. Be3 $1 Ba4 39. Rd8+ Kh7 40. h5 Bb3 41. Rd6 {The position is
equal.} Bc4 42. h6 gxh6 43. Rxh6+ Kg7 {Threatens to win with ...Rxe3!} 44. Rd6
Rd1 45. Kg3 Rh1 46. Bd4+ Kh7 {Weighted Error Value: White=0.06/Black=0.09}
1/2-1/2

[Event "Goldmoney Asian Rapid Prelims 2021"]
[Site "Chess24"]
[Date "2021.06.24"]
[Round "11.5"]
[White "Salem, A.R. Saleh"]
[Black "Ding, Liren"]
[Result "0-1"]
[WhiteElo "2682"]
[BlackElo "2799"]
[Annotator "TA"]
[PlyCount "112"]
[EventDate "2021.06.26"]
[EventType "tourn"]
[EventCountry "NET"]
[Tiebreak "Koya+Number of black wins+Number of wins"]
[SourceTitle "playchess.com"]
[Source "ChessBase"]
[SourceQuality "1"]

{[%evp 10,112,-4,-19,-20,-23,-6,-37,-45,-34,-36,-32,-14,-10,-9,-8,0,0,12,0,11,
16,8,-43,-32,-80,-8,-69,-71,-34,-25,-100,-81,-102,-94,-123,-119,-134,-123,-126,
-119,-141,-135,-82,-110,-93,-99,-176,-157,-164,-133,-165,-122,-179,-162,-246,
-116,-135,-137,-160,-89,-116,-110,-118,-118,-142,-145,-143,-123,-246,-237,-230,
-210,-231,-233,-404,-389,-356,-356,-489,-476,-555,-547,-543,-510,-720,-714,
-815,-781,-817,-806,-780,-749,-979,-966,-932,-912,-1078,-1056,-1035,-937,-924,
-882,-872,-830]} 1. d4 Nf6 2. c4 e6 3. Nc3 Bb4 4. a3 Bxc3+ 5. bxc3 b6 6. f3 Nc6
{E24: Nimzo-Indian: Sämisch: Unusual Black 5th moves and 5...c5 sidelines.} 7.
e4 Na5 8. Bg5 h6 {Black is slightly better.} 9. Bh4 d6 10. Bd3 Ba6 11. f4 Qd7 (
11... Bxc4 $2 12. Bxc4 Nxc4 13. Bxf6 $18 (13. Qa4+ Qd7 $16)) (11... Nxc4 $2 12.
Qa4+ c6 13. Qxa6 $18 (13. Qxc6+ Kf8 $11)) 12. e5 {[#]} Ng8 $146 ({Predecessor:
} 12... dxe5 13. fxe5 Ng8 14. Qf3 Rb8 15. Ne2 Bxc4 16. O-O Bxd3 17. Qxd3 g5 18.
Be1 Qc6 {1-0 (31) Turati,P (2448)-Meissner,R (2339) ICCF email 2008}) 13. Qf3
Bb7 14. Qg4 f5 15. exf6 Nxf6 16. Bg6+ (16. Bxf6 $11 gxf6 17. Qh5+ Kd8 18. Nf3)
16... Kd8 $15 17. Qe2 Nxc4 18. Nf3 (18. Qxc4 $2 Bxg2 19. Nf3 (19. Bxf6+ $2 gxf6
20. Nf3 Bxh1 $19) 19... Bxh1 $19) (18. Bd3 $11 Na5 19. Nf3) 18... Bd5 $1 19.
O-O Kc8 20. a4 (20. f5 $11) 20... a5 21. Nd2 Qc6 22. Bd3 {[%cal Rd2c4]} Nxd2
23. Qxd2 Bc4 $1 24. Qe2 Bxd3 25. Qxd3 Nd5 26. c4 Nb4 {[%cal Rb4d3]} 27. Qe2 Kb7
28. Rfc1 (28. c5 $17) 28... Rhf8 $19 29. Bg3 Rad8 30. Rc3 Rf5 31. Qxe6 (31. Re3
$17 {might work better.}) 31... Rf6 32. Qg4 {[#]} (32. Qe2 $142) 32... Qe4 (
32... Nd5 $1 $19 {[%cal Rd5c3][%mdl 512] is more deadly.} 33. Rcc1 Nxf4 $1 {
[%mdl 512]} 34. Bxf4 Qe4 {[%mdl 64] Double Attack}) 33. Qf3 Re8 34. Rd1 Rfe6 ({
Black should play} 34... Qxf3 35. Rxf3 Re2) 35. Bf2 Qxf3 36. Rxf3 Re2 37. f5
Ra2 38. d5 Ree2 39. Rf1 (39. Kf1 $17 {was necessary.}) 39... Nc2 ({Don't take} 
39... Rxa4 40. Rg3 $17) 40. Rg3 Re5 ({Not} 40... Rxa4 41. Rxg7 Re8 42. f6 $14)
41. Rxg7 {f6 is the strong threat.} Rxf5 42. c5 $2 (42. Rc1) 42... bxc5 43.
Rb1+ Nb4 44. Bg3 {White hopes to continue with Bxd6.} Rxd5 {Black is clearly
winning.} 45. h4 Rxa4 46. Rf1 Ra2 47. Rf6 Kc6 48. Rxh6 a4 49. Rh8 Rd1+ 50. Kh2
Raa1 {[%csl Ga1][%cal Rd1h1]} 51. Kh3 a3 52. Ra8 a2 53. h5 Rd5 54. Ra7 Rh1+ 55.
Kg4 a1=Q {( -> ...Qd1+)} 56. Rgxc7+ {[#]} Kb5 $1 {Weighted Error Value:
White=0.42/Black=0.11} 0-1

[Event "Goldmoney Asian Rapid Prelims 2021"]
[Site "Chess24"]
[Date "2021.06.24"]
[Round "11.6"]
[White "Carlsen, Magnus"]
[Black "Adhiban, B.."]
[Result "1/2-1/2"]
[WhiteElo "2847"]
[BlackElo "2660"]
[Annotator "TA"]
[PlyCount "95"]
[EventDate "2021.06.26"]
[EventType "tourn"]
[EventCountry "NET"]
[Tiebreak "Koya+Number of black wins+Number of wins"]
[SourceTitle "playchess.com"]
[Source "ChessBase"]
[SourceQuality "1"]

{[%evp 17,95,37,39,27,28,18,38,23,25,0,14,14,16,14,23,19,104,104,96,96,94,74,
100,62,71,52,75,38,77,67,125,53,67,65,133,134,366,42,45,45,108,93,104,0,18,0,0,
0,0,0,0,0,0,-10,-26,-133,-148,-338,-338,-333,-324,-324,-324,-324,0,-309,-309,
-277,0,-51,0,-3,-3,-4,0,0,0,-5,0,0]} 1. d4 Nf6 2. c4 g6 3. Nc3 Bg7 4. e4 d6 5.
Nf3 O-O 6. Be2 e5 7. O-O Nc6 8. d5 Ne7 9. b4 {[%cal Bb2b4,Bb4b5][%mdl 32]} a5
10. b5 {Recently 10.bxa5 got a lot of attention. E97: King's Indian: Classical
Main Line (6...e5 7 0-0 Nc6): 8 Be3 and 8 d5 Ne7, not 9 Ne1.} b6 11. a4 {[#]}
Kh8 $146 ({Predecessor:} 11... h6 12. h3 Nd7 13. Ne1 f5 14. g4 Nf6 15. g5 hxg5
16. exf5 gxf5 17. Bxg5 Kf7 {0-1 (50) Minerva,E (2022)-Popovich,F (1945)
Vescovato 2014}) 12. Ra3 {White is slightly better.} Nd7 13. Re1 Ng8 14. Bd3
Bh6 15. Bb2 Bg7 16. Bc2 f5 (16... Qe7 $11) 17. exf5 $16 gxf5 18. Ne2 f4 19. g3
fxg3 20. hxg3 (20. Nxg3 {seems wilder.} Bh6 21. Nd4 Ndf6 22. Ndf5 Bg5 23. h4)
20... Nc5 21. Kg2 Nh6 22. Rh1 Bf5 23. Nh4 Be4+ {[#]} (23... Bxc2 $14 24. Qxc2
Kg8) 24. f3 (24. Bxe4 $1 $16 Nxe4 25. f3) 24... Bxc2 $14 25. Qxc2 Kg8 (25...
Qd7 $14) 26. Bc1 $16 Qf6 $2 {[#]} (26... Qd7 $16) 27. Bxh6 $2 (27. g4 $1 $18)
27... Bxh6 $14 28. g4 e4 (28... Qg5 $14) 29. Nf5 $16 Bg7 30. Neg3 (30. f4 $16)
30... Rae8 $1 $11 31. Nxe4 Nxe4 32. fxe4 Rxe4 33. Qxe4 Qb2+ {[%mdl 64] Double
Attack} 34. Kf3 Qxa3+ {[%mdl 64] Double Attack} 35. Qe3 Qxa4 36. Qe6+ (36. Qe4
$1 $11 {remains equal.}) 36... Kh8 $17 37. Qe7 $2 (37. Qe4 $17 Qa3+ 38. Ke2
Qb2+ 39. Kd3 Qc3+ 40. Ke2) 37... Qb3+ $19 38. Kg2 {[%csl Gf5][%cal Re7g7]} Qc2+
({Not} 38... Qb2+ 39. Kf1 $19) 39. Kf3 {[%csl Gf5][%cal Re7g7]} Qd3+ 40. Kg2 {
[%csl Gf5][%cal Re7g7]} Qc2+ 41. Kf3 $1 {[%csl Gf5][%cal Re7g7]} Qc3+ 42. Kg2
Qe5 (42... Qb2+ $19 43. Kh3 a4) 43. Re1 $1 $15 {[%cal Re1e5]} Qc3 (43... Qf6
$15 44. Re6 Qc3) 44. Re3 {The position is equal.} Qb2+ 45. Re2 Qc3 46. Re3 Qb2+
47. Re2 Qc3 48. Re3 {What a bad dream for Black.  Weighted Error Value:
White=0.29/Black=0.39} 1/2-1/2

[Event "Goldmoney Asian Rapid Prelims 2021"]
[Site "Chess24"]
[Date "2021.06.24"]
[Round "11.7"]
[White "Giri, Anish"]
[Black "Artemiev, Vladislav"]
[Result "1/2-1/2"]
[WhiteElo "2780"]
[BlackElo "2704"]
[Annotator "TA"]
[PlyCount "84"]
[EventDate "2021.06.26"]
[EventType "tourn"]
[EventCountry "NET"]
[Tiebreak "Koya+Number of black wins+Number of wins"]
[SourceTitle "playchess.com"]
[Source "ChessBase"]
[SourceQuality "1"]

{[%evp 10,84,67,42,55,54,46,30,32,20,36,35,27,32,40,28,26,19,21,22,22,17,25,25,
38,33,33,41,108,41,41,41,42,36,39,37,33,23,34,20,22,12,35,13,27,21,27,25,31,19,
26,19,19,0,1,0,25,28,67,0,0,0,8,0,11,0,5,0,24,0,0,0,20,0,0,0,19]} 1. e4 d5 2.
exd5 Qxd5 3. Nc3 Qd6 4. d4 Nf6 5. Nf3 c6 6. Ne5 Nbd7 {B01: Scandinavian
Defence.} 7. Nc4 Qc7 8. Qf3 Nb6 {White has an edge.} 9. Bf4 Qd8 10. Be5 Be6 11.
Ne3 g6 12. O-O-O Bh6 {[#] White must now prevent ...Bg4.} 13. Kb1 Bxe3 14. Qxe3
Ng4 15. Qe1 Nxe5 16. Qxe5 O-O {[#]} 17. h4 $146 ({Predecessor:} 17. Bd3 Nd5 18.
Nxd5 Qxd5 19. Qxd5 Bxd5 20. Rhe1 Rfe8 21. f3 Rad8 22. b3 Rd6 23. Kb2 {1-0 (63)
Wegerle,J (2401)-Grafl,F (2353) Karlsruhe 2020}) 17... Nd5 18. Ne4 Qb6 (18...
Qb8 $14) 19. Bc4 (19. h5 $16 Bf5 20. hxg6 Bxg6 21. Bd3) 19... Qc7 $14 20. Qg5
Qf4 21. Rhe1 h6 22. Qxf4 Nxf4 23. Bf1 b6 24. g3 Nd5 25. Kc1 Rad8 26. c3 Rfe8
27. Nd2 Nf6 28. Bc4 Bd5 29. a4 Kf8 30. Kc2 Rc8 31. Re2 Red8 32. Rde1 Bxc4 33.
Nxc4 c5 34. dxc5 (34. Rxe7 $14 cxd4 35. b3) 34... Rxc5 $11 35. Ne5 e6 36. Re3
Rdd5 37. b4 Rc7 38. Kb3 Rd2 39. R3e2 Rd8 {The position is equal.} 40. Re3 Rd2
41. R3e2 Rd8 42. Re3 Rd2 {Weighted Error Value: White=0.09/Black=0.07} 1/2-1/2

[Event "Goldmoney Asian Rapid Prelims 2021"]
[Site "Chess24"]
[Date "2021.06.24"]
[Round "11.8"]
[White "Duda, Jan-Krzysztof"]
[Black "Dubov, Daniil"]
[Result "1-0"]
[WhiteElo "2729"]
[BlackElo "2714"]
[Annotator "TA"]
[PlyCount "61"]
[EventDate "2021.06.26"]
[EventType "tourn"]
[EventCountry "NET"]
[Tiebreak "Koya+Number of black wins+Number of wins"]
[SourceTitle "playchess.com"]
[Source "ChessBase"]
[SourceQuality "1"]

{[%evp 13,61,20,11,4,26,13,14,31,37,22,34,34,13,55,46,24,31,23,20,20,19,35,22,
29,45,40,62,68,70,70,172,168,176,177,170,172,324,320,294,294,282,295,390,385,
410,394,386,385,540,526]} 1. e4 e5 2. Nf3 Nc6 3. Bb5 a6 4. Ba4 Nf6 5. O-O Be7
6. d3 b5 7. Bb3 d6 {The main line 7...d6 scores better than 7...0-0.} 8. a3 {
C84: Closed Ruy Lopez: Unusual White 6th moves.} Bg4 9. Be3 d5 10. h3 {The
position is equal.} Bxf3 11. Qxf3 {[%cal Re4d5] [#]} dxe4 $146 ({Predecessor:} 
11... d4 12. Bc1 O-O 13. Nd2 Qd6 14. Qe2 Nd7 15. Nf3 Bf6 16. Nh2 Nd8 17. Ng4
Ne6 18. Nxf6+ Nxf6 {1-0 (73) Chacon,P (2586)-Biedermann,T (2438) ICCF email
2010}) 12. Qg3 exd3 13. Qxg7 Rf8 14. cxd3 Nd4 15. Bxd4 Qxd4 16. Nc3 Qxd3 17.
Rfe1 Qg6 18. Qxg6 hxg6 19. Rxe5 Kd7 20. Rd1+ Bd6 21. Re3 Ne8 ({Black should
play} 21... Kc8 $1 $14) 22. Ne4 $36 {[%mdl 2048] White has strong initiative.}
Kc8 23. Bd5 Rb8 24. Bc6 {[#] Strongly threatening Bxe8.} Ng7 (24... f5 {
is a better defense.}) 25. Nxd6+ cxd6 26. Re7 (26. Rxd6 Nf5 $17) 26... Rb6 27.
Bd5 ({Not} 27. Rxd6 Nf5 $17) 27... Kd8 28. Ra7 Ne6 29. Rc1 {[#] Bxe6 is the
strong threat.} Re8 30. Rxf7 b4 (30... Nc5 {was called for.} 31. b4 Nd7) 31.
axb4 {Weighted Error Value: White=0.01/Black=0.28} 1-0

[Event "Goldmoney Asian Rapid Prelims 2021"]
[Site "Chess24"]
[Date "2021.06.24"]
[Round "12.1"]
[White "Aronian, Levon"]
[Black "Dubov, Daniil"]
[Result "1-0"]
[WhiteElo "2781"]
[BlackElo "2714"]
[Annotator "TA"]
[PlyCount "85"]
[EventDate "2021.06.26"]
[EventType "tourn"]
[EventCountry "NET"]
[Tiebreak "Koya+Number of black wins+Number of wins"]
[SourceTitle "playchess.com"]
[Source "ChessBase"]
[SourceQuality "1"]

{[%evp 19,85,0,12,0,11,-79,-79,-75,-64,-58,-50,-68,-72,-73,-45,-39,-33,-41,0,
-63,0,0,69,69,66,53,42,0,92,69,89,95,99,79,104,122,120,117,114,113,187,196,180,
135,353,353,314,332,308,318,305,282,297,295,264,243,329,262,416,411,638,637,
600,593,984,829,29995,29996]} 1. d4 Nf6 2. c4 e6 3. Nf3 d5 4. Nc3 c6 5. e3 Nbd7
6. Qc2 Bd6 7. Bd3 O-O 8. O-O dxc4 9. Bxc4 a6 10. e4 e5 $1 11. Rd1 {Strongly
threatening dxe5. D46: Semi-Slav: 5 e3 Nbd7 6 Bd3, Black avoids the Meran.} Qc7
12. Bg5 $5 {[%mdl 4] [#] An interesting side line.} (12. g3 $11) 12... exd4 $1
$17 13. Rxd4 {[#] Black is better.} Ne5 $146 ({Predecessor:} 13... Ng4 14. h3
Nge5 15. Nxe5 Nxe5 16. Be2 Bc5 17. Rd2 Ng6 18. Na4 Ba7 19. Nc5 Bb8 {1/2-1/2 
(40) Evdokimov,A (2530)-Beliavsky,A (2648) Dresden 2007}) 14. Bxf6 gxf6 15.
Nxe5 Bxe5 16. Rd3 b5 17. Bb3 Bxh2+ 18. Kf1 $1 Be5 19. Ne2 (19. Rc1 $11) 19...
f5 (19... a5 $15 20. Rc1 a4) 20. f4 $11 Bg7 (20... Bxf4 $11 21. Nxf4 Qxf4+ {
[%mdl 64] Double Attack} 22. Rf3 Qe5) 21. e5 $14 {[%mdl 1024] White has
compensation.} c5 $1 {[%cal Rc5c4] And now ...c4 would win.} 22. Bd5 Rb8 23.
Rc1 c4 {[#]} (23... Rd8 $1 $11 {remains equal.}) 24. b3 $1 $36 {[%mdl 2048]
White is pushing.} Qe7 (24... a5 25. bxc4) 25. bxc4 bxc4 26. Bxc4 Bb7 {...Be4
would now be nice for Black.} 27. Rh3 Be4 28. Bd3 Rb4 29. a3 Bxd3 (29... Qb7
$16 30. Rg3 Rb2 31. Bxe4 fxe4) 30. Qxd3 $18 Re4 31. Qxa6 Rd8 $2 {A mistake
that costs the game.} (31... Qd8 $16 {was called for.}) 32. Rc8 Bf8 33. Rg3+
Kh8 {intending ...Rd1+.} 34. Rxd8 Qxd8 35. Rd3 Qh4 36. Qc8 {[%cal Rc8f8]} Qh1+
37. Kf2 {[%cal Rc8f8]} Qh4+ 38. Rg3 {[%cal Rc8f8]} Qh6 (38... Qe7 $142 39. Qxf5
Rc4) 39. Qd8 Rc4 (39... Ra4 $142 40. Rh3 Qg7) 40. Rh3 Qg7 41. Nd4 Ra4 42. Nxf5
Qg8 {[#]} 43. Rxh7+ $3 {[%mdl 576] Back Rank.  Weighted Error Value: White=0.
15/Black=0.59} 1-0

[Event "Goldmoney Asian Rapid Prelims 2021"]
[Site "Chess24"]
[Date "2021.06.24"]
[Round "12.2"]
[White "Artemiev, Vladislav"]
[Black "Duda, Jan-Krzysztof"]
[Result "1-0"]
[WhiteElo "2704"]
[BlackElo "2729"]
[Annotator "TA"]
[PlyCount "111"]
[EventDate "2021.06.26"]
[EventType "tourn"]
[EventCountry "NET"]
[Tiebreak "Koya+Number of black wins+Number of wins"]
[SourceTitle "playchess.com"]
[Source "ChessBase"]
[SourceQuality "1"]

{[%evp 16,111,0,-16,16,10,53,30,35,7,10,9,17,31,18,6,13,0,19,7,14,7,4,0,0,0,0,
0,0,0,26,0,0,0,0,0,8,8,8,8,8,8,8,8,8,8,8,8,8,8,13,16,198,197,222,214,327,295,
412,364,663,655,655,641,1139,1002,3689,2508,6127,11039,7420,6755,6127,5065,
29967,29963,29968,29969,29969,29970,29970,29971,29971,29972,29972,29973,29973,
29974,29974,29975,29975,29976,29976,29977,29977,29978,29978,29978]} 1. d4 Nf6
2. c4 e6 3. Nc3 d5 4. cxd5 Nxd5 5. Nf3 c5 6. e3 Nc6 7. Bd3 Be7 {7...Be7 is
better than 7...cxd4.} 8. O-O O-O 9. a3 b6 {D42: Queen's Gambit Declined:
Semi-Tarrasch: 5 cxd5 Nxd5 6 e3 Nc6 7 Bd3 .} 10. Qc2 h6 11. dxc5 Nxc3 {[#]
White has an edge.} 12. Qxc3 $146 ({Predecessor:} 12. cxb6 Qxb6 13. bxc3 Ba6
14. Rb1 Bxd3 15. Qxd3 Qc7 16. e4 Rfd8 17. Qa6 Ne5 18. Qb7 Nxf3+ 19. gxf3 {
1-0 (62) Ragger,M (2668)-Dourerassou,J (2414) Montpellier 2015}) 12... bxc5 13.
Rd1 Qb6 14. Qc2 Ba6 15. Bxa6 Qxa6 16. Bd2 Rfd8 17. Bc3 Rd5 18. Rxd5 (18. h3 {
with more complications.} Rad8 19. Rac1 Qc4 20. Rd2 a5 21. b3) 18... exd5 19.
Rd1 Rd8 20. Qb3 Qb6 21. Qa4 Bf8 22. h3 g6 23. Bf6 (23. b4 $5 cxb4 24. axb4 $11)
23... Rd6 24. Qf4 d4 25. exd4 Nxd4 26. Bxd4 ({Wrong is} 26. Nxd4 $2 Rxf6 27.
Qe4 cxd4 $19) 26... cxd4 27. Rxd4 Rxd4 28. Qxd4 ({Much worse is} 28. Nxd4 Qxb2
29. Nf3 Qa1+ 30. Kh2 Qxa3 $17) 28... Qxd4 29. Nxd4 $11 {[%mdl 4096] Endgame
KB-KN} Bg7 30. Nc6 {[#] b4 is the strong threat.} Bxb2 31. a4 a6 32. Kf1 f5 33.
Ke2 {Black should prevent Kd3.} Kf7 $2 {This costs Black the game.} (33... Bc3
$1 $11 {and Black stays safe.}) 34. Kd3 Ke6 35. Nb4 g5 (35... Bf6 $142 36. Kc4
(36. Nxa6 Kd6 $16) 36... Bh4) 36. Nxa6 $18 g4 37. Kc4 Bc1 $2 (37... Kd6 38. a5
Be5) 38. Nc5+ Kd6 39. a5 {[%cal Ba4a5,Ba5a6][%mdl 32] [#] And now a6 would win.
} Kc6 40. Nb3 gxh3 41. gxh3 Bg5 42. Nd4+ Kb7 43. Kb5 f4 44. a6+ Ka7 45. Nc6+ {
White mates.} Ka8 46. f3 h5 47. Kc4 Bh4 48. Kd5 Bg3 49. Ke4 Bh2 50. Kf5 Bg3 51.
Kg5 h4 52. Kg4 Bf2 53. Kxf4 Be1 54. Ke4 Bg3 55. Kd5 Bh2 56. Kc4 {Weighted
Error Value: White=0.02/Black=0.39} 1-0

[Event "Goldmoney Asian Rapid Prelims 2021"]
[Site "Chess24"]
[Date "2021.06.24"]
[Round "12.3"]
[White "Adhiban, B.."]
[Black "Giri, Anish"]
[Result "1-0"]
[WhiteElo "2660"]
[BlackElo "2780"]
[Annotator "TA"]
[PlyCount "69"]
[EventDate "2021.06.26"]
[EventType "tourn"]
[EventCountry "NET"]
[Tiebreak "Koya+Number of black wins+Number of wins"]
[SourceTitle "playchess.com"]
[Source "ChessBase"]
[SourceQuality "1"]

{[%evp 9,69,4,16,8,8,16,28,8,15,0,21,-14,-10,-22,-7,-23,-7,0,-2,-17,-11,-77,
-38,-39,-56,-41,-22,-29,-2,-4,0,0,6,6,33,0,266,125,107,82,422,379,662,619,983,
983,5173,5173,1879,339,332,330,330,332,29992,29993,29993,29994,29995,29996,
29996,29997]} 1. b3 d5 2. Nf3 Bf5 3. Bb2 e6 4. d3 h6 5. Nbd2 Nf6 6. g3 {
A06: Réti Opening: 1 Nf3 d5.} Bh7 7. Bg2 Be7 8. e4 {White has an edge.} O-O 9.
Qe2 a5 {[%cal Ba7a5,Ba5a4][%mdl 32]} 10. a3 a4 11. b4 c5 12. b5 {[#]} c4 $146 (
{Predecessor:} 12... Qa5 13. c4 dxe4 14. dxe4 Nxe4 15. O-O Nf6 16. Ne5 Qc7 17.
Rad1 Nbd7 18. Nxd7 Nxd7 {1/2-1/2 (41) Gabuzyan,H (2557)-Pashikian,A (2606)
Yerevan 2021}) 13. dxc4 {Threatens to win with e5.} Nxe4 14. O-O Nd7 15. Rad1 (
15. cxd5 $11 {keeps the balance.} exd5 16. Nxe4 Bxe4 17. Ne5 Nxe5 18. Bxe5)
15... Bf6 16. Nxe4 Bxb2 17. cxd5 exd5 18. Rxd5 {Strongly threatening Rb1.} Qe7
{Hoping for ...Nb6.} 19. Nfd2 Bxa3 20. Nc4 {And now Qd3 would win.} Bb4 21. c3
{Rfd1 is the strong threat.} Ba5 (21... Bxe4 $5 22. Qxe4 Qxe4 23. Bxe4 Nf6 {
[%mdl 64] Double Attack} 24. cxb4 Nxe4 $11) 22. b6 f5 $2 {[%mdl 8192] [#]} 23.
Nf6+ $1 {[%mdl 512]} Qxf6 $16 24. Rxd7 Qxc3 $2 {[%mdl 8192] This move loses
the game for Black.} (24... Kh8 $16) 25. Bxb7 Rab8 (25... Rae8 26. Bd5+ Kh8)
26. Nxa5 $18 Qxa5 27. Bd5+ Kh8 28. Qe5 {[%csl Gd7][%cal Re5g7]} Rg8 {[#]} 29.
Rc1 $2 (29. Rxg7 $3 {[%mdl 512]} Rxg7 30. Qxb8+ Bg8 31. Bxg8 Rxg8 32. Qd6)
29... Qxb6 {and the idea ...Rbe8 leaves Black hopeful.} 30. Bxg8 Rxg8 31. Rcc7
{[%cal Rd7g7]} f4 $2 (31... Qb1+ $18 32. Kg2 Qe4+ 33. Qxe4 fxe4) 32. Rxg7 {
[%csl Gc7][%cal Rg7h7] White mates.} Qb1+ 33. Kg2 {[%csl Gc7][%cal Rg7h7]} f3+
34. Kh3 {[%csl Gc7][%cal Rg7h7]} Qf5+ 35. g4 {[%csl Gc7][%cal Rg7h7] Weighted
Error Value: White=0.43/Black=0.64} 1-0

[Event "Goldmoney Asian Rapid Prelims 2021"]
[Site "Chess24"]
[Date "2021.06.24"]
[Round "12.4"]
[White "Ding, Liren"]
[Black "Carlsen, Magnus"]
[Result "1/2-1/2"]
[WhiteElo "2799"]
[BlackElo "2847"]
[Annotator "TA"]
[PlyCount "29"]
[EventDate "2021.06.26"]
[EventType "tourn"]
[EventCountry "NET"]
[Tiebreak "Koya+Number of black wins+Number of wins"]
[SourceTitle "playchess.com"]
[Source "ChessBase"]
[SourceQuality "1"]

{[%evp 28,29,0,0]} 1. d4 Nf6 2. c4 e6 3. g3 d5 4. Bg2 Bb4+ 5. Bd2 Be7 6. Nf3
O-O 7. O-O c6 8. Qc2 b6 9. Rd1 Bb7 10. Bf4 Nbd7 11. Ne5 Nh5 12. Bd2 Nhf6 {[#]}
13. Bf4 $146 ({Predecessor:} 13. cxd5 cxd5 14. Nc6 Bxc6 15. Qxc6 Rc8 16. Qb5
Ne8 17. Qd3 Nd6 18. Nc3 Nf6 19. Be1 Qd7 20. Rac1 h5 21. Rc2 Rc7 {1/2-1/2 (44)
Leko,P (2663)-Giri,A (2764) chess24.com INT 2020}) 13... Nh5 14. Bd2 Nhf6 15.
Bf4 1/2-1/2

[Event "Goldmoney Asian Rapid Prelims 2021"]
[Site "Chess24"]
[Date "2021.06.24"]
[Round "12.5"]
[White "Gukesh D"]
[Black "Salem, A.R. Saleh"]
[Result "1-0"]
[WhiteElo "2578"]
[BlackElo "2682"]
[Annotator "TA"]
[PlyCount "33"]
[EventDate "2021.06.26"]
[EventType "tourn"]
[EventCountry "NET"]
[Tiebreak "Koya+Number of black wins+Number of wins"]
[SourceTitle "playchess.com"]
[Source "ChessBase"]
[SourceQuality "1"]

{[%evp 19,33,15,16,19,84,106,102,68,66,70,68,51,84,78,1317,1315]} 1. d4 Nf6 2.
c4 g6 3. Nc3 Bg7 4. e4 O-O 5. Nf3 d6 6. Be2 e5 7. O-O Na6 8. Re1 c6 9. Bf1 exd4
10. Nxd4 Ng4 {[#] And now ...Qh4! would win.} 11. h3 {E94: King's Indian:
Classical: 6 Be2 e5 7 0-0: Various Black 7th moves.} Nxf2 12. Kxf2 $16 {
Black must now prevent Be3.} Qb6 13. Be3 {Rb1 is the strong threat.White is
better.} Qxb2+ {[%mdl 64] [#] Double Attack} 14. Nce2 Nc5 15. Kg1 Re8 {[#]} 16.
Nc2 $146 ({Predecessor:} 16. Rb1 Qxa2 17. Nc3 Qa5 18. Qc2 Bd7 19. Bf2 a6 20.
Ra1 Qc7 21. Nf3 b5 22. cxb5 axb5 23. Rxa8 Rxa8 {1-0 (37) Gyimesi,Z (2624)
-Polzin,R (2514) Austria 2005}) 16... Qb3 $2 {[%mdl 8192]} 17. axb3 {Weighted
Error Value: White=0.07/Black=0.23} 1-0